<?xml version="1.0" encoding="UTF-8"?>
<marc:record xmlns:marc="http://www.loc.gov/MARC21/slim">
   <marc:leader>00000nam a2200000 a 4500</marc:leader>
   <marc:datafield ind1="1" ind2=" " tag="100">
      <marc:subfield code="a">Pantermüller, Alice</marc:subfield>
      <marc:subfield code="4">aut</marc:subfield>
      <marc:subfield code="e">Verfasser/-in</marc:subfield>
   </marc:datafield>
   <marc:datafield ind1="0" ind2="0" tag="245">
      <marc:subfield code="a">Mein Lotta-Leben, Bd. 18</marc:subfield>
   </marc:datafield>
   <marc:datafield ind1="0" ind2="0" tag="245">
      <marc:subfield code="b">Im Zeichen des Tapirs</marc:subfield>
   </marc:datafield>
   <marc:datafield ind1="0" ind2="0" tag="245">
      <marc:subfield code="c">Pantermüller, Alice</marc:subfield>
   </marc:datafield>
   <marc:datafield ind1=" " ind2="1" tag="264">
      <marc:subfield code="c">2022</marc:subfield>
   </marc:datafield>
   <marc:datafield ind1="1" ind2=" " tag="520">
      <marc:subfield code="a">Frischer Lesestoff für alle &#x84;Mein Lotta-Leben&#x93;-Fans: Ein brandneuer Band zum Verschlingen und Schlapplachen&#xD;
&#xD;
In Lottas Klasse steht nach den Herbstferien &#x84;Astronomie&#x93; auf dem Stundenplan. Während Paul vor lauter Begeisterung schon eine Geburtstagsfeier in der Sternwarte plant, ist Lotta eher skeptisch. Auch weil Cheyenne &#x84;Astronomie&#x93; mit &#x84;Astrologie&#x93; verwechselt und sich jetzt ständig mit Horoskopen beschäftigt. Was aber noch schlimmer ist: Lottas beste Freundin muss in den Herbstferien mit ihrer Familie in den Harz reisen. Und Paul und Rémi sind nur noch mit ihrem großen Astronomie-Projekt beschäftigt. Dabei braucht Lotta doch Hilfe dabei, herauszufinden, woher nachts die komischen Geräusche kommen &#x85; Ist ihr etwa ein Alien auf der Spur?</marc:subfield>
   </marc:datafield>
   <marc:datafield ind1=" " ind2=" " tag="020">
      <marc:subfield code="a">9783401605050</marc:subfield>
      <marc:subfield code="9">9783401605050</marc:subfield>
   </marc:datafield>
   <marc:datafield ind1=" " ind2=" " tag="020">
      <marc:subfield code="a">3401605054</marc:subfield>
      <marc:subfield code="9">3401605054</marc:subfield>
   </marc:datafield>
   <marc:datafield ind1=" " ind2=" " tag="338">
      <marc:subfield code="a">Band</marc:subfield>
   </marc:datafield>
   <marc:datafield ind1=" " ind2=" " tag="300">
      <marc:subfield code="a">159 S.</marc:subfield>
   </marc:datafield>
</marc:record>
